Tables of the Bessel functions of the first kind of orders thirteen, fourteen, and fifteen /
Guardado en:
| Autor Corporativo: | |
|---|---|
| Formato: | Libro |
| Idioma: | English |
| Publicado: |
Cambridge, Mass. :
Harvard University Press,
1947.
|
| Series: | The annals of the Computation Laboratory of Harvard University ;
v. 8 |
| Etiquetas: |
Agregar Etiqueta
Sin Etiquetas, Sea el primero en etiquetar este registro!
|
| LEADER | 00656nam a22001575a 4500 | ||
|---|---|---|---|
| 001 | MAT.inmabb000490 | ||
| 008 | 031125s1947####mau###########000#0#eng#d | ||
| 005 | 20110309175333.0 | ||
| 245 | 1 | 0 | |a Tables of the Bessel functions of the first kind of orders thirteen, fourteen, and fifteen / |c by the staff of the Computation Laboratory. |
| 260 | |a Cambridge, Mass. : |b Harvard University Press, |c 1947. | ||
| 300 | |a ca. 620 p. ; |c 28 cm. | ||
| 440 | 4 | |a The annals of the Computation Laboratory of Harvard University ; |v v. 8 | |
| 510 | 4 | |a MR, |c 9,208b | |
| 110 | 0 | |a Harvard University. |b Computation Laboratory. | |
| 084 | |a 65A05 |2 msc2000 | ||
| 859 | |h 65 |i H339 |p A-264 |v 8 |b BIB. MATEMATICA | ||
